000 00378nam a22001697a 4500
003 SGT
020 _a9789389309294
082 _a614.44
_bC21D
100 _aDAMS
245 _aCONCEPT BOOK PREVENTIVE AND SOCIAL MEDICINE
250 _a1ST
260 _aINDIA
_bDAMS PUB
_c2021
300 _a563
650 _aCOMMUNITY MEDICINE
653 _aEXAM BOOK
942 _2ddc
_cBK
999 _c22445
_d22445